000 00299nam a22001337a 4500
008 180226b xxu||||| |||| 00| 0 eng d
020 _a9781936948123
041 _aeng
080 _a336
100 _a56
101 _aFIN
245 _aFoundations in personal finance
_cRamsey,D
942 _2udc
_cBK
999 _c43428
_d43428